000 01321nam a22002417a 4500
005 2010080709269.0
010 _aHIN-90057
020 _c95.00
_a9788120340466
035 _aHN-62403
037 _bDBAD / PUB
082 _a341.23
100 _aशर्मा, ब्रजकिशोर
_924804
245 _aसंयुक्त राष्ट्र का चार्टर और अंतरराष्ट्रीय न्यायालय का संविधान:
_cब्रजकिशोर शर्मा
_bसुरक्षा परिषद में मतदान प्रक्रिया सहित /
246 _aSanyukt Rashra Ka Charter Aur Antarrashtriya Nyayalaya Ka Sanvidhan
_bby Braj Kishore Sharma
260 _aनई दिल्ली
_bपीएचएल लर्निंग
_c2010
270 _aएम-97, क्नॉट सर्कस
_bनई दिल्ली
_e110001
300 _a88पृ
_c22सेमी (अजिल्द)
700 _97228
700 _97267
700 _97698
942 _adpl
_cHN
_k
_2ddc
_mशर्माब्र
_h341.23
999 _c40086
_d40086